|
|
|
|
| LEADER |
01392nam a22003615a 4500 |
| 001 |
35377 |
| 003 |
BD-DhAAL |
| 005 |
20211130112635.0 |
| 008 |
190915r2002 enk b 001 0 eng |
| 999 |
|
|
|c 41250
|d 41250
|
| 010 |
|
|
|a 2001135449
|
| 015 |
|
|
|a GBA2-Z4559
|
| 020 |
|
|
|a 0761973427
|
| 020 |
|
|
|a 0761973435 (pbk.)
|
| 035 |
|
|
|a (OCoLC)ocm48783379
|
| 040 |
|
|
|a UKM
|c UKM
|d DLC
|d BD-DhAAL
|
| 042 |
|
|
|a lccopycat
|
| 043 |
|
|
|a e-uk---
|
| 050 |
0 |
0 |
|a LB1032
|b .B69 2002
|
| 082 |
|
|
|a 371.904720941
|2 22
|
| 100 |
1 |
|
|a Boxall, Marjorie.
|9 34604
|
| 245 |
1 |
0 |
|a Nurture groups in school :
|b principles and practice /
|c Marjorie Boxall.
|
| 260 |
|
|
|a London ;
|a Thousand Oaks, Calif. :
|b P. Chapman,
|c 2002 [reprinted]
|
| 300 |
|
|
|a xi, 228 pages ;
|c 23 cm.
|
| 504 |
|
|
|a Includes bibliographical references and index.
|
| 526 |
|
|
|a BIED
|
| 541 |
|
|
|a Complimentary copy from BIED
|e 35377
|
| 650 |
|
0 |
|a Group work in education
|z Great Britain.
|9 34605
|
| 650 |
|
0 |
|a Problem children
|x Education (Elementary)
|z Great Britain.
|9 34606
|
| 650 |
|
0 |
|a Mainstreaming in education
|z Great Britain.
|9 34607
|
| 852 |
|
|
|a Ayesha Abed Library
|c BIED Collection
|
| 942 |
|
|
|2 ddc
|c BK
|
| 952 |
|
|
|0 0
|1 0
|2 ddc
|4 0
|6 371_904720941000000_BOX
|7 0
|9 66303
|a BRACUL
|b BRACUL
|c GEN
|d 2019-09-15
|e Complimentary copy from BIED
|l 0
|o 371.904720941 BOX
|p 3010035377
|r 2019-09-15
|t 1
|w 2019-09-15
|y BK
|x Transferred from BIED to General Stacks
|